000 00823nam a2200217Ia 4500
003 OSt
005 20251024152944.0
008 221004b |||||||| |||| 00| 0 pan d
020 _a9788171436088 (hbk)
037 _cTB
040 _aCRL
_cCRL
_bPUN
041 _2PUN
_aPUN
084 _aO153,1(Δ25):g Q4
_qCRL
100 _aਸਿੰਘ, ਕੁਲਵੰਤ
_9818355
245 0 _aਭਗਤੀ ਸਾਹਿਤ:
_bਪਰੰਪਰਾ ਤੇ ਪਰਵਾਹ
260 _aਅੰਮ੍ਰਿਤਸਰ:
_bਰਵੀ ਸਾਹਿਤ ਪ੍ਰਕਾFਨ ਭਾਰਤ ,
_c2014.
300 _a144ਪੰ
_ccm.
650 _aਪੰਜਾਬੀ ਸਾਹਿਤ
_9849509
942 _hO153,1(Δ25):g Q4
_cTB
_2CC
_n0
999 _c1024244
_d1024244